00799nab a2200229 uc450000100070000000500170000700800410002403500110006503500210007604000130009704100080011010000410011824500240015965000400018365000450022365000400026865000300030870000490033877301530038794200100054099900190055074788420240201183039.0020608e19300705 spa  a747884 a(OCoLC)819948894 ccomduadb aspa10aLopez Sanin, Jorge4auteaut925792310aContrato preliminar aCarretera al Mar - Antioquia941623 aContratos públicos - Antioquia9174951 aObras públicas - Antioquia964887 aCritica de prensa910195510aYepes Morales, Jesus Maria4auteaut95070440 tClaridad : Revista Semanal (Medellín)gClaridad. Vol. 01, Nos. 01-20, Mar.-Jul. de 1930, Vol. 01, No. 18, Jul. 5, 1930, p. 763-764w7191130233607 cARIMP c246039d246039